| 000 | 00748nam a2200205 i 4500 | ||
|---|---|---|---|
| 001 | 44796 | ||
| 003 | ES-MaACL | ||
| 005 | 20230906161109.0 | ||
| 007 | t| | ||
| 008 | 030324m19181934sp ||||1| spa d | ||
| 245 | 0 | 0 |
_aPor las clínicas de Europa _b: formulario crítico... |
| 260 |
_aMadrid : _b[s.n., _c1918-1934] ( _fImp. del Suc. de Enrique Teodoro) |
||
| 300 |
_a10 v. ; _c21 cm. |
||
| 490 | 1 | _aEl siglo médico | |
| 505 | 8 | _aContiene: T. I: A. -- T. II: B y C. -- T. III: D y E. -- T. IV: F, G y H. -- T. V: I, J, K y L. -- T. VI: M y N. -- T. VII: O. -- T. VIII-IX: P. -- T. X: Q. | |
| 650 | 4 |
_aFarmacoterapia- _vEnciclopedias. _9164743 |
|
| 830 | 0 |
_aEl siglo médico _9182853 |
|
| 852 |
_aES-MaACL _jB-13668-77 |
||
| 999 |
_c44796 _d44796 |
||